Влияние водорода на структурно-фазовое состояние и механические свойства титанового сплава Ti-6Al-4V; Перспективы развития фундаментальных наук; Т. 1 : Физика
| Parent link: | Перспективы развития фундаментальных наук=Prospects of Fundamental Sciences Development: сборник научных трудов XIII Международной конференции студентов, аспирантов и молодых ученых, г. Томск, 26-29 апреля 2016 г./ Национальный исследовательский Томский политехнический университет (ТПУ) ; под ред. И. А. Курзиной, Г. А. Вороновой.— , 2016 Т. 1 : Физика.— 2016.— [С. 157-159] |
|---|---|
| Autor principal: | |
| Autor Corporativo: | |
| Outros Autores: | |
| Resumo: | Заглавие с титульного экрана Effect of hydrogen and electron beam exposure on the structural and phase state of the fine- andultrafine-grained structure of two-phase (alpha + beta) titanium Ti-6Al-4V alloy was investigated by the methodsof electron microscopy and X-ray diffraction analysis. Structural and phase state and mechanical behavior(microhardness) of the fine- and ultrafine-grained titanium Ti-6Al-4V alloy was shown to be affected after hydrogenation. |
| Idioma: | russo |
| Publicado em: |
2016
|
| Assuntos: | |
| Acesso em linha: | http://earchive.tpu.ru/handle/11683/26008 |
| Formato: | MixedMaterials Recurso Electrónico Capítulo de Livro |
| KOHA link: | https://koha.lib.tpu.ru/cgi-bin/koha/opac-detail.pl?biblionumber=618107 |
MARC
| LEADER | 00000naa2a2200000 4500 | ||
|---|---|---|---|
| 001 | 618107 | ||
| 005 | 20231101133008.0 | ||
| 035 | |a (RuTPU)RU\TPU\conf\16488 | ||
| 035 | |a RU\TPU\conf\16487 | ||
| 090 | |a 618107 | ||
| 100 | |a 20160523d2016 k y0rusy50 ca | ||
| 101 | 0 | |a rus |d eng | |
| 102 | |a RU | ||
| 105 | |a y z 101zy | ||
| 135 | |a drcn ---uucaa | ||
| 181 | 0 | |a i | |
| 182 | 0 | |a b | |
| 200 | 1 | |a Влияние водорода на структурно-фазовое состояние и механические свойства титанового сплава Ti-6Al-4V |d Effect of hydrogen on the structural and phase state and mechanical properties of titanium TI-6AL-4V alloy |f Лю Цан |g науч. рук. Е. Н. Степанова | |
| 203 | |a Текст |c электронный | ||
| 230 | |a 1 компьютерный файл (pdf; 219 Кb) | ||
| 300 | |a Заглавие с титульного экрана | ||
| 320 | |a [Библиогр.: с. 159 (3 назв.)] | ||
| 330 | |a Effect of hydrogen and electron beam exposure on the structural and phase state of the fine- andultrafine-grained structure of two-phase (alpha + beta) titanium Ti-6Al-4V alloy was investigated by the methodsof electron microscopy and X-ray diffraction analysis. Structural and phase state and mechanical behavior(microhardness) of the fine- and ultrafine-grained titanium Ti-6Al-4V alloy was shown to be affected after hydrogenation. | ||
| 461 | 1 | |0 (RuTPU)RU\TPU\conf\16353 |t Перспективы развития фундаментальных наук |l Prospects of Fundamental Sciences Development |o сборник научных трудов XIII Международной конференции студентов, аспирантов и молодых ученых, г. Томск, 26-29 апреля 2016 г. |o в 7 т. |f Национальный исследовательский Томский политехнический университет (ТПУ) ; под ред. И. А. Курзиной, Г. А. Вороновой |d 2016 | |
| 463 | 0 | |0 (RuTPU)RU\TPU\conf\16354 |t Т. 1 : Физика |v [С. 157-159] |d 2016 | |
| 510 | 1 | |a Effect of hydrogen on the structural and phase state and mechanical properties of titanium TI-6AL-4V alloy |z eng | |
| 610 | 1 | |a труды учёных ТПУ | |
| 610 | 1 | |a электронный ресурс | |
| 610 | 1 | |a титановые сплавы | |
| 610 | 1 | |a аэрокосмическая промышленность | |
| 610 | 1 | |a медицинская промышленность | |
| 610 | 1 | |a сплавы | |
| 610 | 1 | |a титан | |
| 700 | 0 | |a Лю Цан | |
| 702 | 1 | |a Степанова |b Е. Н. |c физик |c доцент Томского политехнического университета, кандидат технических наук |f 1981- |g Екатерина Николаевна |2 stltpush |4 727 | |
| 712 | 0 | 2 | |a Национальный исследовательский Томский политехнический университет (ТПУ) |b Физико-технический институт (ФТИ) |b Кафедра общей физики (ОФ) |h 136 |2 stltpush |3 (RuTPU)RU\TPU\col\18734 |
| 801 | 2 | |a RU |b 63413507 |c 20160628 |g RCR | |
| 856 | 4 | |u http://earchive.tpu.ru/handle/11683/26008 | |
| 942 | |c BK | ||